[Event "Hallstahammar op"]
[Site "Hallstahammar"]
[Date "2004.09.12"]
[Round "8"]
[White "Lindh, Goran"]
[Black "Styf, Josef"]
[Result "1/2-1/2"]
[WhiteElo "1820"]
[BlackElo "1970"]
[PlyCount "63"]
[EventDate "2004.09.10"]
[EventType "swiss"]
[EventRounds "8"]
[EventCountry "SWE"]
[SourceTitle "EXT 2005"]
[Source "ChessBase"]
[SourceDate "2004.11.15"]
[SourceVersion "1"]
[SourceVersionDate "2004.11.15"]
[SourceQuality "1"]

1. e4 c5 2. Nf3 d6 3. d4 cxd4 4. Nxd4 Nf6 5. Nc3 Nc6 6. Be2 e5 7. Nb3 Be7 8. Be3 0-0 9. 0-0 Be6 10. Bg5 Rc8 11. Bxf6 Bxf6 12. Bg4 Qd7 13. Be2 g6 14. Qd2 Bg7 15. Rad1 Rfd8 16. Qg5 Nd4 17. Bd3 Nxb3 18. axb3 f6 19. Qg3 f5 20. f3 Kh8 21. Qf2 a6 22. Na4 Qe7 23. c4 Rf8 24. Nc3 Rcd8 25. Bc2 Bf6 26. Nd5 Qg7 27. Nxf6 Qxf6 28. Qb6 Qe7 29. Rd2 Rd7 30. Rfd1 Rfd8 31. Qa5 Rc8 32. Rxd6 1/2-1/2

[Event "Hallstahammar op"]
[Site "Hallstahammar"]
[Date "2004.09.12"]
[Round "7"]
[White "Tiger, Sonja"]
[Black "Lindh, Goran"]
[Result "0-1"]
[WhiteElo "1470"]
[BlackElo "1820"]
[PlyCount "91"]
[EventDate "2004.09.10"]
[EventType "swiss"]
[EventRounds "8"]
[EventCountry "SWE"]
[SourceTitle "EXT 2005"]
[Source "ChessBase"]
[SourceDate "2004.11.15"]
[SourceVersion "1"]
[SourceVersionDate "2004.11.15"]
[SourceQuality "1"]

1. e4 c5 2. Nf3 a6 3. d4 cxd4 4. Nxd4 Nf6 5. Bd3 e5 6. Nf3 Be7 7. 0-0 Nc6 8. Nc3 d6 9. Nd5 h6 10. Nxe7 Qxe7 11. Re1 Bg4 12. c3 0-0 13. b3 Rac8 14. Ba3 Rfd8 15. Rc1 b5 16. Bb2 d5 17. exd5 Nxd5 18. Qc2 Bxf3 19. gxf3 Nf4 20. Bf5 Qg5+ 21. Bg4 Nd3 22. Kh1 Nxe1 23. Rxe1 Rd2 24. Qf5 Qxf5 25. Bxf5 Rcd8 26. Ba3 Rxf2 27. Be4 Nb8 28. Bc5 Rxa2 29. c4 Rdd2 30. Bb4 Rxh2+ 31. Kg1 bxc4 32. bxc4 Rhd2 33. Bxd2 Rxd2 34. c5 Rd8 35. Rc1 Rc8 36. Bb7 Rc7 37. Bd5 Kf8 38. Kf2 a5 39. Ke3 Na6 40. c6 f5 41. Be6 Nb4 42. Bd7 Ke7 43. Rc5 Kd6 44. Rb5 Nxc6 45. Bxf5 Nd4 46. Be4 0-1

[Event "Hallstahammar op"]
[Site "Hallstahammar"]
[Date "2004.09.11"]
[Round "5"]
[White "Andersson, Rikard"]
[Black "Lindh, Goran"]
[Result "1-0"]
[WhiteElo "2144"]
[BlackElo "1820"]
[PlyCount "73"]
[EventDate "2004.09.10"]
[EventType "swiss"]
[EventRounds "8"]
[EventCountry "SWE"]
[SourceTitle "EXT 2005"]
[Source "ChessBase"]
[SourceDate "2004.11.15"]
[SourceVersion "1"]
[SourceVersionDate "2004.11.15"]
[SourceQuality "1"]

1. e4 c5 2. Nf3 Nc6 3. b4 d6 4. b5 Nd4 5. Nxd4 cxd4 6. Bb2 e5 7. Bc4 Nf6 8. d3 d5 9. exd5 Nxd5 10. 0-0 Be6 11. Re1 Qg5 12. Bc1 Nf4 13. Bxf4 Qxf4 14. Bxe6 fxe6 15. Qh5+ g6 16. Qxe5 Qxe5 17. Rxe5 Kf7 18. Nd2 Bg7 19. Re4 Rac8 20. Nc4 Rhd8 21. Rae1 e5 22. R1e2 Rc5 23. a4 Rxc4 24. dxc4 Rc8 25. f4 Rxc4 26. fxe5 Rxa4 27. Kf2 Bf8 28. Rf4+ Ke8 29. e6 Bh6 30. Rf7 Be3+ 31. Kf3 b6 32. Rxh7 a5 33. bxa6 Rxa6 34. c3 Ra3 35. cxd4 Bxd4+ 36. Ke4 Ra4 37. Kd5 1-0

[Event "Hallstahammar op"]
[Site "Hallstahammar"]
[Date "2003.09.14"]
[Round "7"]
[White "Borg, Mats"]
[Black "Lindh, Goran"]
[Result "1/2-1/2"]
[WhiteElo "1982"]
[BlackElo "1738"]
[PlyCount "132"]
[EventDate "2003.09.12"]
[EventType "swiss"]
[EventRounds "7"]
[EventCountry "SWE"]
[SourceTitle "CBM 096 Extra"]
[Source "ChessBase"]
[SourceDate "2003.10.22"]
[SourceVersion "2"]
[SourceVersionDate "2003.10.20"]
[SourceQuality "1"]

1. d4 Nf6 2. Nf3 g6 3. c4 Bg7 4. Nc3 d6 5. e4 0-0 6. Be2 Nbd7 7. 0-0 e5 8. Be3 Re8 9. d5 b6 10. Ne1 Nc5 11. Qc2 Ng4 12. Bd2 a5 13. f3 Nf6 14. Nd3 Nxd3 15. Bxd3 Nh5 16. Ne2 Bd7 17. b3 Rf8 18. Rae1 f5 19. exf5 gxf5 20. Kh1 Kh8 21. Be3 Nf6 22. Bg5 f4 23. Nc3 Qe8 24. Bxf4 Qh5 25. Bg3 Qh6 26. Qc1 Qh5 27. Ne4 Bh6 28. Qc2 Nxe4 29. Bxe4 Rf7 30. Kg1 Raf8 31. a3 Bf4 32. Kf2 Bg5 33. Ke2 Bf5 34. Kd1 Bh6 35. Qd3 Qg5 36. Kc2 Bg7 37. Bxf5 Rxf5 38. Re4 Qf6 39. Rfe1 Qd8 40. Qd2 Qa8 41. Bf2 Qe8 42. Be3 Qg6 43. Kb2 h5 44. Ka2 Kh7 45. Rg1 R5f7 46. h4 Qg3 47. Qe1 Qg6 48. Qe2 Bf6 49. Qd2 Qg3 50. Qe1 Qg6 51. Bd2 Kh8 52. Qe3 Kh7 53. Bc1 Be7 54. Qe2 Rxf3 55. gxf3 Qxg1 56. Be3 Qg6 57. Bf2 Qf5 58. f4 Bf6 59. fxe5 Bxe5 60. Be1 Qf3 61. Qxf3 Rxf3 62. b4 a4 63. c5 Rb3 64. Re2 b5 65. Rc2 Kg6 66. cxd6 cxd6 1/2-1/2

[Event "Hallstahammar op"]
[Site "Hallstahammar"]
[Date "2001.09.08"]
[Round "5"]
[White "Janse, Rasmus"]
[Black "Lindh, Goran"]
[Result "1-0"]
[WhiteElo "1474"]
[BlackElo "1668"]
[PlyCount "129"]
[EventDate "2001.??.??"]
[EventType "swiss"]
[EventRounds "7"]
[EventCountry "SWE"]
[SourceTitle "EXT 2006"]
[Source "ChessBase"]
[SourceDate "2005.11.24"]
[SourceVersion "1"]
[SourceVersionDate "2005.11.24"]
[SourceQuality "1"]

1. d4 d5 2. c4 c6 3. e3 Nf6 4. Nc3 g6 5. Bd3 Bg7 6. Nf3 0-0 7. Bd2 Na6 8. a3 Nc7 9. h3 b6 10. 0-0 Ba6 11. b3 c5 12. Ne5 Nfe8 13. Nf3 dxc4 14. Bxc4 Bxc4 15. bxc4 cxd4 16. exd4 Nd6 17. c5 bxc5 18. dxc5 Ndb5 19. Nxb5 Nxb5 20. Rc1 Bb2 21. Rb1 Nc3 22. Bxc3 Bxc3 23. Qe2 e6 24. Rfc1 Qa5 25. Qc4 Bg7 26. Qb4 Qc7 27. c6 Rab8 28. Qa4 Rxb1 29. Rxb1 Rc8 30. Rc1 Bh6 31. Rc4 e5 32. Qc2 Bg7 33. Qb1 Rb8 34. Qd3 Rd8 35. Qc2 Rd6 36. Qe4 Rd1+ 37. Ne1 Bh6 38. Qe2 Rc1 39. Rxc1 Bxc1 40. Qa6 e4 41. Qb7 Bf4 42. Nc2 Qd6 43. Ne3 Kf8 44. Qa8+ Qb8 45. Qxb8+ Bxb8 46. Nd5 Ke8 47. c7 Bxc7 48. Nxc7+ Kd7 49. Nb5 a6 50. Nc3 f5 51. Kf1 Kc6 52. g4 Kc5 53. Ke1 Kc4 54. Kd2 Kb3 55. a4 f4 56. Nxe4 Kxa4 57. Kc3 Kb5 58. Nf6 h6 59. Ng8 h5 60. gxh5 gxh5 61. Nf6 h4 62. Nd5 f3 63. Ne3 a5 64. Nf5 a4 65. Nxh4 1-0